MARC details
| 000 -CABECERA |
| campo de control de longitud fija |
01888nam a2200313 a 4500 |
| 001 - NÚMERO DE CONTROL |
| campo de control |
000028821 |
| 003 - IDENTIFICADOR DEL NÚMERO DE CONTROL |
| campo de control |
DO-SdBNP |
| 005 - FECHA Y HORA DE LA ÚLTIMA TRANSACCIÓN |
| campo de control |
20250401145604.0 |
| 007 - CAMPO FIJO DE DESCRIPCIÓN FÍSICA--INFORMACIÓN GENERAL |
| campo de control de longitud fija |
ta |
| 008 - DATOS DE LONGITUD FIJA--INFORMACIÓN GENERAL |
| campo de control de longitud fija |
110412s2010 dr ac 001 0 spa d |
| 020 ## - NÚMERO INTERNACIONAL ESTÁNDAR DEL LIBRO |
| Número Internacional Estándar del Libro |
9789945427868 |
| 040 ## - FUENTE DE LA CATALOGACIÓN |
| Centro catalogador/agencia de origen |
DO-SdBNP |
| Lengua de catalogación |
spa |
| Centro/agencia transcriptor |
BNPHU |
| Normas de descripción |
rda |
| 082 #4 - NÚMERO DE LA CLASIFICACIÓN DECIMAL DEWEY |
| Número de clasificación |
306.4016 |
| Número de documento/Ítem |
O61c |
| Número de edición |
22 |
| 245 00 - MENCIÓN DE TÍTULO |
| Título |
Opiniones y comentarios de especialistas en ciencias sociales e investigación sobre la obra Biblio-hemerografía de la cultura tradicional y popular de la República Dominicana, de Xiomarita Pérez / |
| Mención de responsabilidad, etc. |
presentación, José G. Guerrero, Rafael Molina Morillo. |
| 264 #1 - PRODUCCIÓN, PUBLICACIÓN, DISTRIBUCIÓN, FABRICACIÓN Y COPYRIGHT |
| Producción, publicación, distribución, fabricación y copyright |
Santo Domingo : |
| Nombre del de productor, editor, distribuidor, fabricante |
Editora Nacional, |
| Fecha de producción, publicación, distribución, fabricación o copyright |
2010. |
| 300 ## - DESCRIPCIÓN FÍSICA |
| Extensión |
61 páginas : |
| Otras características físicas |
ilustraciones, retratos ; |
| Dimensiones |
21 cm. |
| 336 ## - TIPO DE CONTENIDO |
| Término de tipo de contenido |
texto |
| Código de tipo de contenido |
txt |
| Fuente |
rdacontent |
| 337 ## - TIPO DE MEDIO |
| Nombre/término del tipo de medio |
sin mediación |
| Código del tipo de medio |
n |
| Fuente |
rdamedia |
| 338 ## - TIPO DE SOPORTE |
| Nombre/término del tipo de soporte |
volumen |
| Código del tipo de soporte |
nc |
| Fuente |
rdacarrier |
| 505 0# - NOTA DE CONTENIDO CON FORMATO |
| Nota de contenido con formato |
Introducción -- |
| Título |
Presentación: Palabras en el acto de puesta en circulación de la "Bibliohemerografía de la cultura tradicional y popular de la República Dominicana" / |
| Mención de responsabilidad |
José Guerrero, |
| -- |
Rafael Molina Morillo -- |
| Título |
Entrevistas: |
| -- |
Rafael Solano -- |
| -- |
Franklin Franco -- |
| -- |
Carlos Andújar -- |
| -- |
Virtudes Uribe -- |
| -- |
Rafael Cantisano -- |
| -- |
Bruno Rosario Candelier -- |
| -- |
Lucero Arboleda de Roa -- |
| -- |
Johnny Ventura -- |
| -- |
Martha Ellen Davis -- |
| -- |
Carlos Fernández Rocha -- |
| -- |
René Merette -- |
| -- |
Rafael Emilio Yunén. |
| 590 ## - NOTA LOCAL (RLIN) |
| Nota local |
Inventariado, 2018/MFF |
| 600 14 - PUNTO DE ACCESO ADICIONAL DE MATERIA--NOMBRE DE PERSONA |
| Nombre de persona |
Pérez, Xiomarita |
| Subdivisión general |
Crítica e interpretación |
| 9 (RLIN) |
55802 |
| 650 #4 - PUNTO DE ACCESO ADICIONAL DE MATERIA--TÉRMINO DE MATERIA |
| Término de materia o nombre geográfico como elemento de entrada |
Culturas tradicionales |
| Subdivisión general |
Bibliografías |
| 9 (RLIN) |
55803 |
| 650 #0 - PUNTO DE ACCESO ADICIONAL DE MATERIA--TÉRMINO DE MATERIA |
| Término de materia o nombre geográfico como elemento de entrada |
Folclore |
| Subdivisión geográfica |
República Dominicana |
| Subdivisión general |
Reseña de libros |
| 9 (RLIN) |
33448 |
| 651 #4 - PUNTO DE ACCESO ADICIONAL DE MATERIA--NOMBRE GEOGRÁFICO |
| Nombre geográfico |
República Dominicana |
| Subdivisión general |
Cultura popular |
| -- |
Bibliografías |
| 9 (RLIN) |
55805 |
| 710 ## - PUNTO DE ACCESO ADICIONAL--NOMBRE DE ENTIDAD CORPORATIVA |
| Nombre de entidad corporativa o nombre de jurisdicción como elemento de entrada |
República Dominicana. Ministerio de Cultura. Dirección Nacional de Folklore |
| Unidad subordinada |
Ministerio de Cultura |
| -- |
Dirección Nacional de Folklore. |
| 9 (RLIN) |
55806 |
| 910 ## - DATOS DE OPCIÓN DEL USUARIO (OCLC) |
| Datos de opción del usuario |
Validado. Control de calidad EMS |
| 942 ## - ELEMENTOS DE PUNTO DE ACCESO ADICIONAL (KOHA) |
| Fuente del sistema de clasificación o colocación |
Dewey Decimal Classification |
| Tipo de ítem Koha |
Libro |